|
000
|
00873nam0 2200277 450
|
|
001
|
1766
|
|
005
|
20080705085729.10
|
|
010
|
|
@a978-7-5611-1643-2@dCNY28.00
|
|
098
|
|
@a1766
|
|
100
|
|
@a20080705d2008 em y0chiy0120 ea
|
|
101
|
0
|
@achi
|
|
102
|
|
@aCN@b210000
|
|
105
|
|
@aa a 000yy
|
|
106
|
|
@ar
|
|
200
|
1
|
@a土木建筑工程概论@Atu mu jian zhu gong cheng gai lun@f主编刘光忱
|
|
205
|
|
@a第3版
|
|
210
|
|
@a大连@c大连理工大学出版社@d2008.04
|
|
215
|
|
@a251页@c图@d26cm
|
|
300
|
|
@a普通高等教育“十一五”国家级规划教材
|
|
320
|
|
@a有书目 (第251页)
|
|
330
|
|
@a本教材讲述了工程结构、工程设计、建筑材料、地基与基础工程、施工技术与施工项目管理等六大部分内容。
|
|
606
|
0
|
@a土木工程@Atu mu gong cheng@x高等学校@x教材
|
|
690
|
|
@aTU@v4
|
|
701
|
0
|
@a刘光忱@Aliu guang chen@4主编
|
|
801
|
0
|
@aCN@bCDNYKJZYXY@c20091010
|
|
905
|
|
@aCDNYKJZYXY@dTU@e390
|
|
|
|
|
| |
| 土木建筑工程概论/主编刘光忱.-第3版.-大连:大连理工大学出版社,2008.04 |
| 251页:图;26cm |
| 普通高等教育“十一五”国家级规划教材 |
| |
| ISBN 978-7-5611-1643-2:CNY28.00 |
| 本教材讲述了工程结构、工程设计、建筑材料、地基与基础工程、施工技术与施工项目管理等六大部分内容。 |
| ● |
正题名:土木建筑工程概论
索取号:TU/390
 
预约/预借
| 序号
|
登录号
|
条形码
|
馆藏地/架位号
|
状态
|
备注
|
|
1
|
254452
|
300254452
|
海科密-1楼/37架11列6层/
[索取号:TU/390]
|
在馆
|
|
|
2
|
254453
|
300254453
|
海科密-1楼/37架11列6层/
[索取号:TU/390]
|
在馆
|
|
|
3
|
254454
|
300254454
|
海科密-1楼/37架11列6层/
[索取号:TU/390]
|
在馆
|
|
|
4
|
254455
|
300254455
|
海科密-1楼/37架11列4层/
[索取号:TU/390]
|
在馆
|
|
|
5
|
254456
|
300254456
|
海科密-1楼/37架11列6层/
[索取号:TU/390]
|
在馆
|
|